| 000 | 01196cam a2200289K 4500 | ||
|---|---|---|---|
| 001 | 47153 | ||
| 005 | 20230410102148.0 | ||
| 008 | 900724s1960 dr 000 0 spa d | ||
| 035 | _a(OCoLC)ocm22137555 | ||
| 040 |
_aFUG _cFUG _dOCL _dDRFGD |
||
| 035 | _a(OCoLC)22137555 | ||
| 050 | 1 | 4 |
_a118 PQ 7409 _bF363e 1960 |
| 082 | 0 | 0 | _aRD864.44 |
| 100 | 1 |
_aFernández Spencer, Antonio, _d1922- |
|
| 245 | 1 | 0 |
_aEnsayos literarios / _c[por] Antonio Fernández Spencer, Manuel Valldeperes [y] Carlos Federico Pérez. |
| 260 |
_aCiudad Trujillo : _bAteneo Dominicano, _c1960. |
||
| 300 |
_a142 p. _c21 cm. |
||
| 505 | 0 | _aTrujillo Molina, R. L. Laureles inmarcesibles.--Fernández Spencer, A. Notas para un estudio de la poesía española; Ocho poetas españoles actuales, un novelista y un antólogo.--Valldeperes, M. Rubén Darío en su poesía.--Pérez, C. F. Presencia de Edgar Allen Poe en la poesía dominicana.--Henríquez, E. Never more. | |
| 650 | 4 | _aEnsayos dominicanos | |
| 650 | 4 | _aLiteratura dominicana | |
| 700 | 1 |
_aValldeperes, Manuel, _d1902- |
|
| 700 | 1 | _aPérez, Carlos Federico. | |
| 710 | 2 | _aAteneo Dominicano. | |
| 942 |
_2lcc _cbk |
||
| 946 | _almminaya | ||
| 994 |
_aC0 _bDRFGD |
||
| 999 |
_c20242 _d20242 |
||